000 00944cam a2200289 a 4500
001 2577688
003 LC
005 20160314141752.0
008 960131s1996 nyu 000 1 eng
010 _a 96003401
020 _a9780679401438
040 _aDLC
_cDLC
_dDLC
050 0 0 _aPS 3566
_b.P994 1966
082 0 0 _aFIC
_bP99l 1996
100 1 _aPuzo, Mario,
_d1920-1999.
_918065
245 1 4 _aThe last don /
_cMario Puzo.
250 _a1st ed.
260 _aNew York :
_bRandom House,
_cc1996.
300 _a482 p. ;
_c25 cm.
650 0 _aFiction.
_9746
655 7 _aDetective and mystery stories.
_2gsafd
_93472
856 4 2 _3Publisher description
_uhttp://www.loc.gov/catdir/description/random0412/96003401.html
906 _a7
_bcbc
_corignew
_d1
_eocip
_f19
_gy-gencatlg
942 _2lcc
_cBK
_mFIC
999 _c10887
_d10887